| 000 | 00719nam a2200169 a 4500 | ||
|---|---|---|---|
| 001 | 000039309 | ||
| 005 | 20201002031605.0 | ||
| 008 | 130621s2013 dr 000 0 spa d | ||
| 020 | _a9789945008111 | ||
| 040 |
_aDO-SdBNP _bspa _cBNPHU |
||
| 100 | 1 |
_aPiña Martínez, Alfredo _936256 |
|
| 245 | 1 | 0 |
_aGuía turística del modelo universal de algunas garantías minimas a los derechos fundamentales del debido proceso en la moderna constitución de 2010 de la República Dominicana = _bTourist guide due process of law. |
| 246 | 1 | 0 | _aTourist guide due process of law |
| 260 |
_aSan Francisco de Macorís, República Dominicana : _bImprenta Primo, _c2013. |
||
| 300 |
_a98 p. ; _c21cm. |
||
| 504 | _aBibliografía : p. 93-98 | ||
| 999 |
_c38799 _d38799 |
||